| 000 | 00603nam a2200229 i 4500 | ||
|---|---|---|---|
| 001 | bg | ||
| 100 | 1 | _aO'CONNELL, Sue | |
| 245 | 0 |
_aFocus on proficiency : _bteacher's book / _cSue O'Connell. |
|
| 260 |
_aLondon : _bNelson, _c1995. |
||
| 300 |
_a64 s. : _b1 mapa, rys. ; _c28 cm. |
||
| 490 | 1 | _aNelson Language Teaching | |
| 650 | 9 | _aJęzyk angielski | |
| 655 | _aPodręczniki | ||
| 830 | _aNelson Language Teaching | ||
| 020 | _a0175569827 | ||
| 040 | _cBPK | ||
| 041 | 0 | _aen | |
| 080 | _a811.111(07) | ||
| 920 | _a0-17-556982-7 | ||
| 942 | _cKS | ||
| 008 | s pl f |000 0 pol | ||
| 999 |
_c32853 _d32853 |
||